00000000nam 2200000zi 4500
0019.947108
003CaOODSP
00520250213131628
006m     o  d f      
007cr b||||||||||
008250120e198903##onca    ob   f000 0 eng d
040 |aCaOODSP|beng|erda|cCaOODSP
043 |an-cn---
0861 |aCo24-3/2-41-1989E-PDF
24500|aSurvey of clients of DOC research labs and clients of a comparable foreign lab : |bresearch laboratories evaluation, study #4 : final report / |cPeat Marwick Consulting Group.
264 1|a[Ottawa] : |bGovernment of Canada, Department of Communications, Program Evaluation Division, |cMarch, 1989.
300 |a1 online resource (1 volume (various pagings)) : |billustrations.
336 |atext|btxt|2rdacontent
337 |acomputer|bc|2rdamedia
338 |aonline resource|bcr|2rdacarrier
4901 |aBackground study (Canada. Department of Communications. Program Evaluation Division)
500 |aDigitized edition from print [produced by Innovation, Science and Economic Development Canada].
500 |aIncludes some text in French.
504 |aIncludes bibliographical references.
61010|aCanada. |bCommunications Canada. |bProgram Evaluation Division.
61016|aCanada. |bCommunications Canada. |bDivision de l'évaluation des programmes.
650 0|aResearch institutes|zCanada|xEvaluation.
650 0|aGovernment communication systems|zCanada.
650 6|aCentres de recherche|zCanada|xÉvaluation.
650 6|aSystèmes de télécommunications gouvernementales|zCanada.
7101 |aCanada. |bDepartment of Communications, |eissuing body.
7101 |aCanada. |bDepartment of Communications. |bProgram Evaluation Division, |eissuing body.
7102 |aPeat Marwick Consulting Group, |econsultant.
830#0|aBackground study (Canada. Department of Communications. Program Evaluation Division)|w(CaOODSP)9.875277
85640|qPDF|s2.44 MB|uhttps://publications.gc.ca/collections/collection_2025/isde-ised/co24/Co24-3-2-41-1989-eng.pdf